000 00593nam a2200145Ia 4500
008 100415s9999 xx 000 0 und d
082 _b5464
_a595.79(54)
100 _aBingham CT
245 _aThe Fauna of British India including Ceylon and Burma Hymenoptera Vol. II Ants and Cuckoo-Wasps
260 _aLONDON
_c1903
_bTAYLOR & FRANCIS
365 _b0
630 _aThe Fauna of British India including Ceylon and Burma Hymenoptera Vol. II Ants and Cuckoo-Wasps
730 _aThe Fauna of British India including Ceylon and Burma Hymenoptera Vol. II Ants and Cuckoo-Wasps
942 _cBOOK
999 _c588444
_d588441